Un cocodrilo bajo la cama / (Registro nro. 2200)
[ vista simple ]
| 000 -CABECERA | |
|---|---|
| Longitud fija campo de control | 00892nam a2200289 a 4500 |
| 003 - • IDENTIFICADOR DELl NÚMERO DE CONTROL | |
| Identificador del número de control | CO-ViMGA |
| 008 - • CÓDIGOS DE INFORMACIÓN DE LONGITUD FIJA | |
| Códigos de información de longitud fija | 141112s2004 ck r 000 u spa d |
| 020 ## - • NÚMERO INTERNACIONAL NORMALIZADO PARA LIBROS | |
| Número Internacional Normalizado para Libros (ISBN) | 9788434898806 |
| 040 ## - FUENTE DE LA CATALOGACIÓN | |
| Centro catalogador de origen | CO-ViMGA |
| Lengua de catalogación | spa |
| Centro transcriptor | CO-ViMGA |
| 041 ## - • CÓDIGO DE LENGUA | |
| Código de lengua del texto/banda sonora o título independiente | SPA |
| 100 1# - • PUNTO DE ACCESO PRINCIPAL-NOMBRE DE PERSONA | |
| Nombre de persona | Landa, Mariasun, 1949 - |
| 245 10 - • TITULO PROPIAMENTE DICHO | |
| Título | Un cocodrilo bajo la cama / |
| Mención de responsabilidad, etc. | Mariasun Landa; ilustraciones de Arnal Ballester |
| 250 ## - • MENCIÓN DE EDICIÓN | |
| Mención de edición | 11a ed. |
| 300 ## - • DESCRIPCIÓN FÍSICA | |
| Extensión | 60 p. : il. byn. : il. |
| 490 ## - • MENCIÓN DE SERIE | |
| Mención de serie | El barco de vapor : roja |
| 500 ## - • NOTA GENERAL | |
| Nota general | Título original : Krokodiloa ohe azpian |
| 650 14 - • PUNTO DE ACCESO ADICIONAL DE MATERIA - TÉRMINO DE MATERIA | |
| Término de materia o nombre geográfico como elemento inicial | ENFERMEDADES - NOVELA |
| 650 14 - • PUNTO DE ACCESO ADICIONAL DE MATERIA - TÉRMINO DE MATERIA | |
| Término de materia o nombre geográfico como elemento inicial | LITERATURA ESPAÑOLA - SIGLO XX |
| 650 14 - • PUNTO DE ACCESO ADICIONAL DE MATERIA - TÉRMINO DE MATERIA | |
| Término de materia o nombre geográfico como elemento inicial | LITERATURA INFANTIL |
| 650 14 - • PUNTO DE ACCESO ADICIONAL DE MATERIA - TÉRMINO DE MATERIA | |
| Término de materia o nombre geográfico como elemento inicial | MEDICOS - NOVELA |
| 650 14 - • PUNTO DE ACCESO ADICIONAL DE MATERIA - TÉRMINO DE MATERIA | |
| Término de materia o nombre geográfico como elemento inicial | SOLEDAD - NOVELA |
| 700 1# - • PUNTO DE ACCESO ADICIONAL - NOMBRE DE PERSONA | |
| Nombre de persona | Ballester, Arnal |
| 942 ## - ENTRADA DE ELEMENTOS AGREGADOS (KOHA) | |
| Fuente de clasificaión o esquema | Dewey Decimal Classification |
| Koha [por defecto] tipo de item | LIbro |
| Perdido | Fuente de clasificación o esquema | Estado Físico | No para préstamo | Forma de adquisición | Localización permanente | Localización actual | Localización en estanterías | Fecha adquisición | Signatura completa | Código de barras | Fecha última consulta | Número de copia | Fecha del precio de reemplazo | Tipo de item de Koha | Préstamos totales | Serie de enumeración / cronolog&íacute;a | Fecha último préstamo | Note pública | Fuente de adquisición |
|---|---|---|---|---|---|---|---|---|---|---|---|---|---|---|---|---|---|---|---|
| Dewey Decimal Classification | Infantil | Biblioteca Pública José Eustasio Rivera - San Martin | Biblioteca Pública José Eustasio Rivera - San Martin | Sala Infantil | 11/28/2023 | N LAN2 | SM02861 | 11/28/2023 | Ej.1 | 11/28/2023 | Libro Infantil | ||||||||
| Dewey Decimal Classification | Colección General | Biblioteca Pública Puerto Lleras | Biblioteca Pública Puerto Lleras | Literatura | 01/10/2025 | N LAN2 | PLL00554 | 01/10/2025 | Ej.1 | 01/10/2025 | Libro Literatura | ||||||||
| Dewey Decimal Classification | Infantil | Biblioteca Pública Puerto López - Jorge Eliecer Gaitán | Biblioteca Pública Puerto López - Jorge Eliecer Gaitán | Sala Infantil | 05/28/2025 | PLZ01402 | 05/28/2025 | Ej.1 | 05/28/2025 | Libro Infantil | |||||||||
| Dewey Decimal Classification | Infantil | Biblioteca Pública El Castillo - Alfonso Meneses | Biblioteca Pública El Castillo - Alfonso Meneses | Sala Infantil | 08/26/2023 | N LAN2 | EC00367 | 08/26/2023 | Ej.1 | 08/26/2023 | Libro Literatura | ||||||||
| Sala General | Biblioteca Pública Departamental Eduardo Carranza - Villavicencio | Biblioteca Pública Departamental Eduardo Carranza - Villavicencio | General | 06/07/2012 | N LAN2 | ECA21053 | 11/26/2024 | Ej.1 | 11/26/2024 | LIbro | 15505 | 20231 | ||||||||
| Dewey Decimal Classification | Sala General Segundo Piso | Biblioteca Pública Germán Arciniegas - Villavicencio | Biblioteca Pública Germán Arciniegas - Villavicencio | 12/04/2015 | N LAN2 | 25235 | 10/13/2022 | Ej. 1 | 12/04/2015 | LIbro | 1 | 27/jun/2012 | 07/24/2018 | ||||||
| Dewey Decimal Classification | Literatura General | Biblioteca Pública Granada - Boca del Monte | Biblioteca Pública Granada - Boca del Monte | Literatura | 03/16/2026 | N-LAN2 | GRDA05252 | 03/16/2026 | Ej.1 | 03/16/2026 | LIbro | BIBLIOTECA NACIONAL DE COLOMBIA | |||||||
| Dewey Decimal Classification | Infantil | Biblioteca Pública Mesetas - Franco lodo Poloxi | Biblioteca Pública Mesetas - Franco lodo Poloxi | 05/19/2025 | N LAN2 | 9788434898905 | 05/19/2025 | Ej.1 | 05/19/2025 | LIbro | |||||||||
| Dewey Decimal Classification | Infantil | Biblioteca Pública Puerto Rico | Biblioteca Pública Puerto Rico | Sala Infantil | 12/12/2022 | N LAN2 | PR000001144 | 12/12/2022 | Ej.1 | 12/12/2022 | Libro Literatura | ||||||||
| Dewey Decimal Classification | Colección General | Biblioteca Pública Uribe - Reinerio Arenas | Biblioteca Pública Uribe - Reinerio Arenas | Literatura | 02/09/2026 | N LAN2 | URI03343 | 02/09/2026 | Ej.1 | 02/09/2026 | Libro Infantil |